[Event "Arco op 45th"]
[Site "Arco"]
[Date "2023.10.13"]
[Round "7"]
[White "Moreno Ruiz, Javier"]
[Black "Pfrengle, Tim"]
[Result "1-0"]
[WhiteElo "2409"]
[BlackElo "2112"]
[PlyCount "69"]
[EventDate "2023.10.07"]
[EventType "swiss"]
[EventRounds "9"]
[EventCountry "ITA"]
[SourceTitle "Mega2024 Update 01"]
[Source "Chessbase"]
[SourceDate "2023.11.12"]
[SourceVersion "1"]
[SourceVersionDate "2023.11.12"]
[SourceQuality "1"]

1. d4 d5 2. c4 e6 3. Nc3 Nf6 4. cxd5 Nxd5 5. e4 Nxc3 6. bxc3 c5 7. Nf3 cxd4 8. cxd4 Bb4+ 9. Bd2 Bxd2+ 10. Qxd2 0-0 11. Bc4 Nd7 12. 0-0 b6 13. a4 Bb7 14. Bd3 a5 15. Rfb1 Rc8 16. Ra3 Qc7 17. Qe3 Rfd8 18. h3 h6 19. Nd2 e5 20. d5 Nc5 21. Rc3 Qe7 22. Rxb6 Nxa4 23. Rxc8 Bxc8 24. Rb8 Qc7 25. Ra8 Nc5 26. Bb5 Nb7 27. Nb3 Bd7 28. Rxd8+ Qxd8 29. Bc6 Nd6 30. Qa7 Bxc6 31. dxc6 Nb5 32. Qd7 Qb6 33. Qb7 Qa7 34. Qxb5 a4 35. Qc5 1-0

[Event "Arco op 45th"]
[Site "Arco"]
[Date "2023.10.10"]
[Round "4"]
[White "Pfrengle, Tim"]
[Black "Ochedzan, Filip"]
[Result "1-0"]
[WhiteElo "2112"]
[BlackElo "1738"]
[PlyCount "69"]
[EventDate "2023.10.07"]
[EventType "swiss"]
[EventRounds "9"]
[EventCountry "ITA"]
[SourceTitle "Mega2024 Update 01"]
[Source "Chessbase"]
[SourceDate "2023.11.12"]
[SourceVersion "1"]
[SourceVersionDate "2023.11.12"]
[SourceQuality "1"]

1. e4 c5 2. Nf3 d6 3. d4 cxd4 4. Nxd4 Nf6 5. Nc3 Nc6 6. Be2 e5 7. Nb3 Be7 8. Be3 Be6 9. Bf3 Na5 10. Nxa5 Qxa5 11. 0-0 0-0 12. Qd2 Kh8 13. Rfd1 a6 14. Bg5 Rac8 15. Rac1 Rfd8 16. a3 Qb6 17. Na4 Qb5 18. Qb4 Qxb4 19. axb4 b5 20. Nb6 Rc6 21. Be3 Nd7 22. Nd5 Bxd5 23. exd5 Rc4 24. c3 f5 25. Be2 Rcc8 26. Ra1 f4 27. Ba7 Rc7 28. Rxa6 Ra8 29. Rda1 Nf6 30. Bxb5 Nxd5 31. Bc6 Nb6 32. Bxb6 Rxa6 33. Rxa6 Rc8 34. Ra8 Rxa8 35. Bxa8 1-0

[Event "Arco op 45th"]
[Site "Arco"]
[Date "2023.10.09"]
[Round "3"]
[White "Pleyer, Christian"]
[Black "Pfrengle, Tim"]
[Result "0-1"]
[WhiteElo "1895"]
[BlackElo "2112"]
[PlyCount "88"]
[EventDate "2023.10.07"]
[EventType "swiss"]
[EventRounds "9"]
[EventCountry "ITA"]
[SourceTitle "Mega2024 Update 01"]
[Source "Chessbase"]
[SourceDate "2023.11.12"]
[SourceVersion "1"]
[SourceVersionDate "2023.11.12"]
[SourceQuality "1"]

1. d4 d5 2. c4 e6 3. Nc3 Nf6 4. Bg5 Be7 5. e3 h6 6. Bh4 Ne4 7. Bxe7 Qxe7 8. Nf3 0-0 9. Bd3 Nxc3 10. bxc3 dxc4 11. Bxc4 c6 12. 0-0 Nd7 13. Qb3 e5 14. Rfd1 e4 15. Nd2 Nf6 16. Be2 Re8 17. Rab1 b6 18. Qb4 Qc7 19. Nc4 Ba6 20. h3 Rad8 21. Qa3 Bxc4 22. Bxc4 Nd5 23. Qb2 Re6 24. Bf1 Rg6 25. Qc2 f5 26. c4 Nf6 27. Rb2 Kh7 28. a4 c5 29. Qc3 cxd4 30. Rxd4 Re8 31. Qc1 Nd7 32. Qd1 Ne5 33. Kh1 Rc6 34. Rc2 Rc5 35. f4 exf3 36. gxf3 Ng6 37. Qe1 Rce5 38. Rc3 Qe7 39. Kg2 Qg5+ 40. Qg3 Rxe3 41. Rxe3 Qxe3 42. Qf2 Nf4+ 43. Kg3 Qe5 44. Kh2 Ne2+ 0-1

[Event "Arco op 45th"]
[Site "Arco"]
[Date "2023.10.08"]
[Round "2"]
[White "Pfrengle, Tim"]
[Black "Fasiello, Andrea"]
[Result "1/2-1/2"]
[WhiteElo "2112"]
[BlackElo "1907"]
[PlyCount "101"]
[EventDate "2023.10.07"]
[EventType "swiss"]
[EventRounds "9"]
[EventCountry "ITA"]
[SourceTitle "Mega2024 Update 01"]
[Source "Chessbase"]
[SourceDate "2023.11.12"]
[SourceVersion "1"]
[SourceVersionDate "2023.11.12"]
[SourceQuality "1"]

1. e4 e5 2. Nf3 Nc6 3. Bc4 Bc5 4. c3 Nf6 5. d3 0-0 6. a4 a5 7. 0-0 d5 8. exd5 Nxd5 9. Nbd2 Nb6 10. Bb5 Bd6 11. Ne4 Na7 12. Bc4 Nxc4 13. dxc4 Nc6 14. Nxd6 Qxd6 15. Qxd6 cxd6 16. b3 Rd8 17. Be3 Bf5 18. Bb6 Rd7 19. Ra2 d5 20. cxd5 Rxd5 21. Rd2 Be6 22. Rfd1 Rxd2 23. Nxd2 Kf8 24. c4 Bf5 25. Re1 f6 26. Ne4 Bxe4 27. Rxe4 Kf7 28. Re3 Nb4 29. Kf1 Nc6 30. Rd3 Ke6 31. Rd5 Ra6 32. Be3 Ra8 33. Rb5 Rb8 34. Bb6 Ra8 35. Bc5 Rb8 36. f3 Kd7 37. Bb6 Ra8 38. Rd5+ Ke6 39. Ke2 Ra6 40. Be3 Ra8 41. Bb6 Ra6 42. Rb5 Na7 43. Bxa7 Rxa7 44. Kd3 Kd6 45. Ke4 Kc6 46. Rd5 Ra6 47. Kd3 Ra8 48. Kc3 h5 49. b4 axb4+ 50. Kxb4 b6 51. Rd2 1/2-1/2

[Event "Millennium Hybrid Masters"]
[Site "Tornelo INT"]
[Date "2022.03.09"]
[Round "1.6"]
[White "Pfrengle, Tim"]
[Black "Van Hasselt, Frank"]
[Result "0-1"]
[WhiteElo "2113"]
[BlackElo "2226"]
[PlyCount "120"]
[EventDate "2022.03.09"]
[EventType "team-tourn"]
[EventRounds "5"]
[EventCountry "GER"]
[SourceTitle "EXT 2023"]
[Source "ChessBase"]
[SourceDate "2022.10.05"]
[SourceVersion "1"]
[SourceVersionDate "2022.10.05"]
[SourceQuality "1"]
[WhiteTeam "Kastellaun"]
[BlackTeam "Berlin SF"]
[WhiteTeamCountry "GER"]
[BlackTeamCountry "GER"]

1. d4 d5 2. Bf4 Nf6 3. e3 e6 4. Nd2 Be7 5. Bd3 0-0 6. Ngf3 c5 7. c3 b6 8. Ne5 Bd6 9. h4 Ba6 10. Bc2 Qc7 11. Ndf3 Nc6 12. Nxc6 Qxc6 13. Be5 Ne4 14. Ng5 Bxe5 15. dxe5 f6 16. Nxe4 dxe4 17. Ba4 b5 18. Bc2 Rad8 19. Qe2 b4 20. c4 f5 21. f4 exf3 22. gxf3 f4 23. Rg1 fxe3 24. Be4 Qd7 25. Qxe3 Bb7 26. Bc2 Kh8 27. Rd1 Qe7 28. Qg5 Rxd1+ 29. Bxd1 Qxg5 30. hxg5 Rf5 31. Bc2 Rxf3 32. Rf1 Rxf1+ 33. Kxf1 Bf3 34. Kf2 Bg4 35. Ke3 Kg8 36. Kf4 Be2 37. b3 Bf1 38. Be4 Bh3 39. Bd3 Kf7 40. Be4 g6 41. Ke3 Bf5 42. Bf3 Kg7 43. Bc6 h6 44. Kf4 Bb1 45. Bd7 hxg5+ 46. Kxg5 Kf7 47. Kh6 Bxa2 48. Ba4 Bb1 49. Bc6 Bc2 50. Ba4 Bd1 51. Kg5 Kg7 52. Bd7 Kf7 53. Ba4 a5 54. Kh6 Bc2 55. Kg5 Kg7 56. Bd7 Bxb3 57. Bxe6 a4 58. Bd5 a3 59. e6 Ba4 60. e7 a2 0-1

[Event "SVR-ch MTB"]
[Site "Trier"]
[Date "2016.03.24"]
[Round "4"]
[White "Froembgen, Wolfgang"]
[Black "Pfrengle, Tim"]
[Result "1/2-1/2"]
[WhiteElo "2051"]
[BlackElo "2078"]
[PlyCount "55"]
[EventDate "2016.03.19"]
[EventType "tourn"]
[EventRounds "7"]
[EventCountry "GER"]
[SourceTitle "CBM 171 Extra"]
[Source "ChessBase"]
[SourceDate "2016.04.26"]
[SourceVersion "1"]
[SourceVersionDate "2016.04.26"]
[SourceQuality "1"]

1. e4 e5 2. Nf3 Nc6 3. Bb5 a6 4. Ba4 Nf6 5. 0-0 b5 6. Bb3 Bc5 7. Nxe5 Nxe5 8. d4 Bxd4 9. Qxd4 Nc6 10. Qd3 d6 11. Re1 0-0 12. c3 Bb7 13. Bg5 Ne5 14. Qg3 c5 15. Nd2 c4 16. Bc2 Ng6 17. Nf3 h6 18. Bxf6 Qxf6 19. Rad1 Rad8 20. Nd4 Rfe8 21. Nf5 Ne5 22. f4 Ng6 23. Rd4 Bc8 24. e5 dxe5 25. fxe5 Qg5 26. Qxg5 hxg5 27. Rxd8 Rxd8 28. Nd4 1/2-1/2

[Event "SVR-ch MTB 38th"]
[Site "Nickenich"]
[Date "2015.03.28"]
[Round "3"]
[White "Pfrengle, Tim"]
[Black "Sanati, Charlotte"]
[Result "1/2-1/2"]
[WhiteElo "2079"]
[BlackElo "1928"]
[PlyCount "31"]
[EventDate "2015.03.27"]
[EventType "tourn"]
[EventRounds "9"]
[EventCountry "GER"]
[SourceTitle "EXT 2016"]
[Source "ChessBase"]
[SourceDate "2015.10.08"]
[SourceVersion "1"]
[SourceVersionDate "2015.10.08"]
[SourceQuality "1"]

1. d4 d5 2. Nf3 Nf6 3. c4 c6 4. g3 Bf5 5. Bg2 e6 6. Qb3 Qb6 7. 0-0 Be7 8. Qxb6 axb6 9. cxd5 exd5 10. Nc3 Nbd7 11. Nh4 Bc2 12. Bd2 h6 13. f4 Ne4 14. Nxe4 Bxe4 15. Bxe4 dxe4 16. Nf5 1/2-1/2

[Event "Rheinland Pfalz op 6th"]
[Site "Gau Algesheim"]
[Date "2014.06.21"]
[Round "5"]
[White "Knapp, Michael"]
[Black "Pfrengle, Tim"]
[Result "0-1"]
[WhiteElo "1978"]
[BlackElo "1995"]
[PlyCount "80"]
[EventDate "2014.06.19"]
[EventType "swiss"]
[EventRounds "7"]
[EventCountry "GER"]
[SourceTitle "CBM 161 Extra"]
[Source "ChessBase"]
[SourceDate "2014.08.29"]
[SourceVersion "1"]
[SourceVersionDate "2014.08.29"]
[SourceQuality "1"]

1. d4 Nf6 2. c4 e5 3. dxe5 Ng4 4. Nf3 Bc5 5. e3 Nc6 6. Be2 Ngxe5 7. 0-0 0-0 8. Nbd2 Be7 9. Nxe5 Nxe5 10. b3 d6 11. Bb2 Nc6 12. a3 a5 13. Qc2 Bf6 14. Rad1 Bxb2 15. Qxb2 Qe7 16. Nf3 Bg4 17. Rd5 Bxf3 18. Bxf3 Ne5 19. Be2 Nd7 20. Rfd1 b6 21. Qc2 Rae8 22. Bf3 Qd8 23. b4 axb4 24. axb4 Ne5 25. Be4 Qh4 26. g3 Qh6 27. R5d4 f5 28. Bd5+ Kh8 29. Rh4 Qf6 30. Qe2 g5 31. Rhd4 Re7 32. h4 Rg7 33. hxg5 Qxg5 34. Bg2 Ng6 35. b5 f4 36. Rd5 Qe7 37. R1d3 fxg3 38. fxg3 Ne5 39. Ra3 Rxg3 40. Rd4 Nf3+ 0-1